| 000 | 00505nam a22001817a 4500 | ||
|---|---|---|---|
| 999 |
_c180022 _d180022 |
||
| 005 | 20210720170107.0 | ||
| 010 | _aENG-129605 | ||
| 020 |
_a81-7099-013-0 _c880.00 |
||
| 035 | _aEN-113137 | ||
| 037 | _bDBAD/PUB | ||
| 082 | _a571 | ||
| 100 | _aReddy, V Rami | ||
| 245 |
_aElements of prehistory/ _cby V. Rami Reddy |
||
| 260 |
_aTirupati _bV.Indira _c2018 |
||
| 270 |
_a8-30,Vidyanagar, _bSvunt colony, Tirupati _e517502 |
||
| 300 |
_a159p. _c24cm(pbk) |
||
| 942 |
_2ddc _cEN _h571 _mRED |
||